000 00634nam a2200229 a 4500
005 20140311163024.0
008 070914s19uu xx 00 eng d
020 _a9780071254281
050 _aHD 58.6
_b.L671 2007
100 _aLewicki, Roy J.
245 _aNegotiation :
_breadings, exercises, cases /
_cRoy J. Lewicki
250 _a5th ed.
260 _aU.S.A :
_bMcGraw-Hill, Inc,
_c2007.
300 _a294 p. :
_c24 cm.
521 _aBSBA
650 _aNegotiation in business.
650 _aPersonnel management.
700 _aBarry, Bruce
700 _aSaunders, David M.
942 _cBK
_2lcc
_kFOR
999 _c39517
_d39517